Fyzika pre všetkých : Molekuly. 2.diel /
Guardado en:
| Autores principales: | , |
|---|---|
| Formato: | Libro |
| Lenguaje: | eslovaco |
| Publicado: |
Bratislava :
Alfa,
1983
|
| Edición: | 1.vyd. |
| Materias: | |
| Etiquetas: |
Sin Etiquetas, Sea el primero en etiquetar este registro!
|
MARC
| LEADER | 00000nam a22000003a 4500 | ||
|---|---|---|---|
| 001 | stu38521 | ||
| 005 | 20150617225724.5 | ||
| 008 | 921103s1983----cs------------------slo-d | ||
| 040 | |a STU |b slo | ||
| 041 | 0 | |a slo | |
| 044 | |a cs | ||
| 080 | |a 539.19(035) | ||
| 100 | 1 | |a Landau, Lev Davidovič |4 aut | |
| 245 | 1 | |a Fyzika pre všetkých : |b Molekuly. 2.diel / |c [aut.]L.D. Landau, A.I. Kitajgorodskij | |
| 250 | |a 1.vyd. | ||
| 260 | |a Bratislava : |b Alfa, |c 1983 | ||
| 300 | |a 219 s | ||
| 650 | 7 | |a molekuly |2 stusub | |
| 650 | 7 | |a príručky |2 stusub | |
| 700 | 1 | |a Kitajgorodskij, Aleksandr Isaakovič |4 aut | |
| 996 | |b 284M047712 |c M*1641/2-1 |l MMKN |s A |a 24 |w stu38521_0001 | ||
| 996 | |b 284M019425 |c M*1641/2-2 |l MMKN |s A |a 24 |w stu38521_0002 | ||